|
|
|
|
| LEADER |
00000nab a2200000 a 4500 |
| 001 |
vtls000032294 |
| 003 |
SK-MaSNL |
| 005 |
20260304225421.0 |
| 008 |
250423c1979 xo 0 slo |
| 015 |
|
|
|a SNBRB19rr/mm-uuuuu
|
| 035 |
|
|
|a CL0042388
|
| 035 |
|
|
|a urn:nbn:sk:snk-abb7vx
|
| 035 |
|
|
|a (urnnbn)urn:nbn:sk:snk:ar-006d3y
|
| 035 |
|
|
|a (uuid)c24e149b-8dfc-4997-8831-ad31ad432183
|
| 040 |
|
|
|a SNKBUCL
|b slo
|c SNKBUCL
|e AACR2
|
| 041 |
0 |
|
|a slo
|
| 044 |
|
|
|a xo
|c SK
|
| 080 |
|
|
|a 502
|2 1981
|
| 080 |
|
|
|a 656.1/.5
|2 1981
|
| 100 |
1 |
|
|a Surový, Milan
|4 aut
|9 751080
|
| 245 |
1 |
0 |
|a Životné prostredie a doprava v Košiciach
|c Milan Surový
|
| 300 |
|
|
|b Obr. 2.
|
| 650 |
0 |
7 |
|a životné prostredie
|2 snkbucl
|9 786
|
| 650 |
0 |
7 |
|a doprava
|2 snkbucl
|9 1777
|
| 650 |
0 |
7 |
|a územné plánovanie
|2 snkbucl
|9 2641
|
| 651 |
|
7 |
|a Košice (Slovensko)
|2 snkbucl
|9 18694
|
| 655 |
|
7 |
|a články z novín a časopisov
|2 snkbucl
|9 267496
|
| 773 |
0 |
|
|t Životné prostredie
|g Roč. 13, č. 1 (1979), s. 15-17
|
| 850 |
|
|
|a Slovenská národná knižnica
|
| 852 |
|
|
|a Slovenská národná knižnica
|
| 954 |
|
|
|a odborná, vedecká literatúra pôvodná (slovenská)
|2 lita
|
| 957 |
|
|
|a 5403
|
| 958 |
|
|
|a article15
|
| 958 |
|
|
|a RK
|
| 958 |
|
|
|a OND
|
| 958 |
|
|
|a EUIPO
|
| 992 |
|
|
|a RBX
|
| 999 |
|
|
|c 3177421
|d 3179351
|